000 00300nam a22001097a 4500
008 230623b xxu||||| |||| 00| 0 eng d
082 _a330
_bTHO 1997
245 _aLe Programme De Recherche Du Crea Une Evaluation
260 _bEconomic Research Consortium
_c1997
300 _aIX, 81p
942 _2ddc
_cBK
999 _c2554
_d2554